00427 2200181 4500001002100000005001500021008004100036035001900077041000700096082001200103090001800115100002000133245002500153260003100178300002000209500000600229650001000235INLIS00000000000001820241224112113241224||||||||| | ||| |||| || |  0010-1224000018 aid0 a340,055 a340.055 RAJ h0 aErman Rajaguguk00aHukum Dan Masyarakat aJakartabBina Aksarac1983 a122 hlm,: 21 cm a1 0aHukum